000 00532nam a2200181Ia 4500
008 151018s9999 xx 000 0 und d
082 _bRBASDV44601
_a340
100 _aअभया शेलकर
245 _aआश्रमशाळा
250 _b1
260 _bनाशिक लॉ हाऊस
_c2007
300 _a332
600 _aअभया शेलकर
630 _aआश्रमशाळा
700 _aअभया शेलकर
730 _aआश्रमशाळा
942 _cBOOK
999 _c1043798
_d1043795